000 00575cam a2200169 a 4500
020 _a157062304X (pbk. : alk. paper)
041 _aENGLISH
082 0 0 _a294.5514
_bFEU
100 1 _aFeuerstein, Georg.
245 1 0 _aTantra : The path of Ecstasy
260 _aBoston :
_bShambhala ;
_a[New York] :
_bDistributed in the USA by Random House,
_c1998.
300 _axvi, 314 p. :
_bill. ;
650 0 _aTantrism.
856 4 2 _uhttp://www.loc.gov/catdir/description/random051/97029983.html
856 4 2 _uhttp://www.loc.gov/catdir/enhancements/fy0664/97029983-b.html
942 _cBK
999 _c22723
_d22723